Resolution Of Fish/ (Record no. 167054)

MARC details
000 -LEADER
fixed length control field 00479nam a22001697a 4500
010 ## - LCCN (DPL NO)
LC control number ENG-126249
020 ## - INTERNATIONAL STANDARD BOOK NUMBER
International Standard Book Number 978-81-907314-2-3
Terms of availability 80.00
035 ## - SYSTEM CONTROL NUMBER
System control number EN-109781
037 ## - SOURCE OF ACQUISITION
Source of stock number/acquisition DBAD/PUB
082 ## - DEWEY DECIMAL CLASSIFICATION NUMBER
Classification number 881
100 ## - MAIN ENTRY--PERSONAL NAME
Personal name Kumar, Ila
245 ## - TITLE STATEMENT
Title Resolution Of Fish/
Statement of responsibility, etc by Ila Kumar
260 ## - PUBLICATION, DISTRIBUTION, ETC. (IMPRINT)
Place of publication, distribution, etc Delhi
Name of publisher, distributor, etc K.A Prakashan
Date of publication, distribution, etc 2019
270 ## - ADDRESS
Address 434,Ganesh Nagar-II, Street No.2, Shakarpur.
City Delhi
Postal code 110092
300 ## - PHYSICAL DESCRIPTION
Extent 64p.
Dimensions 18cm(pbk)
942 ## - ADDED ENTRY ELEMENTS (KOHA)
Source of classification or shelving scheme Dewey Decimal Classification
Item type English Books
Classification part 881
Call number suffix KUM
Holdings
Withdrawn status Lost status Not for loan Collection code Home library Current library Date acquired Source of acquisition Cost, normal purchase price Full call number Barcode Copy number Cost, replacement price Koha item type
      Non-fiction Central Library Central Library 20/08/2019 DBAD/PUB 80.00 881 KUM EN-109781 1 80.00 English Books

© Delhi Public Library
Hit Counter
free hit counter